ბათუმის შოთა რუსთაველის სახელმწიფო უნივერსიტეტის ბიბლიოთეკა

Begegnungen. Deutsch als fremdsprache. A1+ (ბიბ.ჩანაწერი № 50396)

000 -LEADER
fixed length control field 00565nam a2200229Ia 4500
001 - CONTROL NUMBER
control field 17339
003 - CONTROL NUMBER IDENTIFIER
control field GE_BSU
008 - FIXED-LENGTH DATA ELEMENTS--GENERAL INFORMATION
fixed length control field 181216s||||||||xx |||||||||||||| ||und||
020 ## - INTERNATIONAL STANDARD BOOK NUMBER
International Standard Book Number 9783929526882
040 ## - CATALOGING SOURCE
Transcribing agency GE_BSU
080 ## - UNIVERSAL DECIMAL CLASSIFICATION NUMBER
Universal Decimal Classification number 811.112=111=133.1=134.2
100 ## - MAIN ENTRY--PERSONAL NAME
Personal name Buscha, Anne
245 ## - TITLE STATEMENT
Title Begegnungen. Deutsch als fremdsprache. A1+
245 ## - TITLE STATEMENT
Remainder of title Glossar Englisch-franzosisch- Spanisch
260 ## - PUBLICATION, DISTRIBUTION, ETC.
Place of publication, distribution, etc. Leipzig
260 ## - PUBLICATION, DISTRIBUTION, ETC.
Date of publication, distribution, etc. 2007
300 ## - PHYSICAL DESCRIPTION
Extent 135p.
653 ## - INDEX TERM--UNCONTROLLED
Uncontrolled term Begegnungen.
653 ## - INDEX TERM--UNCONTROLLED
Uncontrolled term Deutsch als fremdsprache. A1+
942 ## - ADDED ENTRY ELEMENTS (KOHA)
Koha item type წიგნი
ეგზემპლარები
Withdrawn status Lost status Damaged status Not for loan Date acquired Barcode Date last seen Price effective from Koha item type
        2018-12-17 1499 2018-12-17 2018-12-17 წიგნი